[Event "ENCI Limburg-open C"]
[Site "Maastricht"]
[Date "2011.06.11"]
[Round "3"]
[White "Huzen, Maron"]
[Black "Knof, Henrike"]
[Result "0-1"]
[WhiteElo "1387"]
[BlackElo "1488"]
[PlyCount "72"]
[EventDate "2011.06.10"]
[EventType "swiss"]
[EventRounds "7"]
[EventCountry "NED"]
[Source "P.Boonen"]
[SourceDate "2012.01.01"]

1. e4 e5 2. Nf3 Nc6 3. Bc4 Bc5 4. c3 Nf6 5. d3 O-O 6. Bg5 d6 7. h3 Be6 8. Bb3
Na5 9. Bxe6 fxe6 10. b4 Bxf2+ 11. Kxf2 Nc6 12. Qb3 Nxe4+ 13. dxe4 Qxg5 14.
Qxe6+ Kh8 15. Qg4 Qe7 16. Ke2 Rf4 17. Qg5 Qf7 18. Nbd2 h6 19. Qg3 d5 20. b5
dxe4 21. bxc6 exf3+ 22. gxf3 b6 23. Rhg1 g5 24. Ne4 Qc4+ 25. Ke1 Qd3 26. Rg2
Re8 27. Rd1 Qc4 28. Rgd2 Ref8 29. Rd8 Rxe4+ 30. fxe4 Qf1+ 31. Kd2 Rxd8+ 32. Kc2
Qxd1+ 33. Kb2 Rd2+ 34. Ka3 Qc1+ 35. Kb4 Qb1+ 36. Kc4 Qxa2+ 0-1

[Event "ENCI Limburg-open C"]
[Site "Maastricht"]
[Date "2011.06.11"]
[Round "3"]
[White "Ingelaere, Floris"]
[Black "De Coninck, Erik"]
[Result "0-1"]
[WhiteElo "900"]
[BlackElo "1154"]
[PlyCount "146"]
[EventDate "2011.06.10"]
[EventType "swiss"]
[EventRounds "7"]
[EventCountry "NED"]
[Source "P.Boonen"]
[SourceDate "2012.01.01"]

1. e4 c6 2. Nf3 d5 3. Nc3 Bg4 4. h3 Bxf3 5. Qxf3 e6 6. exd5 exd5 7. Qe3+ Qe7 8.
Qxe7+ Bxe7 9. Bd3 Nf6 10. O-O O-O 11. Re1 Re8 12. Nd1 Nbd7 13. c3 Bd6 14. Rxe8+
Rxe8 15. Ne3 Nc5 16. Bc2 Na6 17. d4 c5 18. g3 cxd4 19. cxd4 Nb4 20. Ba4 Rc8 21.
Bd2 Ne4 22. Bxb4 Bxb4 23. Bd7 Rd8 24. Nc2 Rxd7 25. Nxb4 a5 26. Rc1 h6 27. Nd3
Ng5 28. Ne5 Re7 29. Rc5 f6 30. Ng6 Re2 31. Rxd5 Nxh3+ 32. Kg2 Nxf2 33. Nf4 Rxb2
34. Rxa5 Nd3+ 35. Kf3 Nxf4 36. Kxf4 Rd2 37. Kf5 Rxd4 38. Ra7 b5 39. g4 Ra4 40.
Rb7 Rxa2 41. Kg6 Ra8 42. Rxg7+ Kf8 43. Rb7 Ra4 44. Kxf6 Rf4+ 45. Kg6 Rxg4+ 46.
Kxh6 b4 47. Kh5 Rc4 48. Ra7 b3 49. Ra1 b2 50. Rb1 Rb4 51. Kg5 Ke7 52. Kf5 Kd6
53. Kf6 Kc5 54. Ke6 Kb5 55. Kd5 Ka4 56. Kc5 Ka3 57. Kc6 Ka2 58. Kc5 Kxb1 59.
Kxb4 Ka2 60. Kc5 b1=Q 61. Kc4 Qb2 62. Kd3 Qc1 63. Ke2 Qc3 64. Kd1 Qb2 65. Ke1
Qc2 66. Kf1 Qd2 67. Kg1 Qe2 68. Kh1 Kb3 69. Kg1 Kc4 70. Kh1 Kd4 71. Kg1 Ke4 72.
Kh1 Kf3 73. Kg1 Qg2# 0-1

[Event "ENCI Limburg-open C"]
[Site "Maastricht"]
[Date "2011.06.11"]
[Round "3"]
[White "Johnson, Mark1"]
[Black "Mossin, Ivar Alexander"]
[Result "0-1"]
[WhiteElo "1138"]
[BlackElo "1175"]
[PlyCount "68"]
[EventDate "2011.06.10"]
[EventType "swiss"]
[EventRounds "7"]
[EventCountry "NED"]
[Source "P.Boonen"]
[SourceDate "2012.01.01"]

1. e4 e6 2. d4 d5 3. Nc3 Bb4 4. e5 c5 5. a3 Bxc3+ 6. bxc3 Ne7 7. Qg4 Qc7 8.
Qxg7 Rg8 9. Qxh7 cxd4 10. Ne2 dxc3 11. Qd3 Qxe5 12. Bf4 Qf6 13. Qxc3 Qxc3+ 14.
Nxc3 Nbc6 15. Bb5 Bd7 16. Bg3 Rc8 17. Rc1 Nd4 18. Bxd7+ Kxd7 19. Kd2 Rc4 20.
Rhg1 f6 21. Ne2 Nef5 22. Nxd4 Nxd4 23. Rb1 b6 24. c3 Nf5 25. Rh1 e5 26. Rb4 Nd6
27. f3 Rgc8 28. Rb3 a6 29. Rc1 Nb5 30. Kd3 d4 31. Be1 f5 32. Rc2 dxc3 33. Bxc3
Nd4 34. Bxd4 Rxd4+ 0-1

[Event "ENCI Limburg-open C"]
[Site "Maastricht"]
[Date "2011.06.11"]
[Round "3"]
[White "Klokgieters, Dick"]
[Black "Brookes, Jean Paul"]
[Result "1/2-1/2"]
[WhiteElo "1522"]
[BlackElo "1586"]
[PlyCount "42"]
[EventDate "2011.06.10"]
[EventType "swiss"]
[EventRounds "7"]
[EventCountry "NED"]
[Source "P.Boonen"]
[SourceDate "2012.01.01"]

1. e4 e6 2. Nf3 d5 3. exd5 exd5 4. d4 Nf6 5. Be2 Bd6 6. O-O O-O 7. Bg5 Bf5 8.
Nc3 c6 9. Ne5 Re8 10. Bg4 Bxg4 11. Nxg4 Nbd7 12. Re1 Be7 13. Nxf6+ Bxf6 14.
Rxe8+ Qxe8 15. Bxf6 Nxf6 16. Qd2 Qd7 17. h3 Rd8 18. Re1 Re8 19. Re5 Re6 20. Qe2
Kf8 21. f4 Re7 1/2-1/2

[Event "ENCI Limburg-open C"]
[Site "Maastricht"]
[Date "2011.06.11"]
[Round "3"]
[White "Mathee, Jochen"]
[Black "Heuts, Guido"]
[Result "1-0"]
[WhiteElo "1650"]
[BlackElo "1397"]
[PlyCount "93"]
[EventDate "2011.06.10"]
[EventType "swiss"]
[EventRounds "7"]
[EventCountry "NED"]
[Source "P.Boonen"]
[SourceDate "2012.01.01"]

1. d4 Nf6 2. Nf3 d5 3. e3 Nc6 4. c3 a6 5. Bd3 Bg4 6. Nbd2 e5 7. dxe5 Nxe5 8.
Be2 Nxf3+ 9. Nxf3 Bd6 10. O-O O-O 11. Qb3 Rb8 12. c4 dxc4 13. Qxc4 b5 14. Qc2
c5 15. b3 Qc8 16. Bb2 Bf5 17. Bd3 Bxd3 18. Qxd3 Qd8 19. Rfd1 Be7 20. Qc2 Qc7
21. Ng5 g6 22. Qc3 Qc6 23. Rd2 b4 24. Qc4 h6 25. Nf3 Ne4 26. Rd5 Rfd8 27. Rad1
Nf6 28. Rxd8+ Rxd8 29. Rxd8+ Bxd8 30. Ne5 Qd5 31. Qxa6 Qd1+ 32. Qf1 Qd2 33. Nc4
Qd5 34. Qe2 Nd7 35. Qd2 Qxd2 36. Nxd2 Bf6 37. Bxf6 Nxf6 38. e4 Nd7 39. Kf1 f6
40. Ke2 Kf7 41. f4 Ke7 42. Kd3 Kd6 43. Nc4+ Ke6 44. Na5 Kd6 45. Kc4 Nb6+ 46.
Kb5 Nd7 47. Nb7+ 1-0

[Event "ENCI Limburg-open C"]
[Site "Maastricht"]
[Date "2011.06.11"]
[Round "3"]
[White "Memeti, Memet"]
[Black "Snoeks, Marnicq"]
[Result "1-0"]
[WhiteElo "1464"]
[BlackElo "1387"]
[PlyCount "97"]
[EventDate "2011.06.10"]
[EventType "swiss"]
[EventRounds "7"]
[EventCountry "NED"]
[Source "P.Boonen"]
[SourceDate "2012.01.01"]

1. g3 g6 2. Bg2 Bg7 3. d3 Nf6 4. c3 d6 5. Nf3 O-O 6. Nbd2 Nbd7 7. O-O Rb8 8. e4
b6 9. Nc4 Bb7 10. h3 Nc5 11. b4 Nfxe4 12. dxe4 Nxe4 13. Bb2 Nxc3 14. Qd3 Nd5
15. Bxg7 Kxg7 16. Nfd2 Nf6 17. Bxb7 Rxb7 18. Nb3 c5 19. bxc5 dxc5 20. Qf3 Qd5
21. Qxd5 Nxd5 22. Rad1 Nf6 23. Rfe1 e6 24. a4 Rc8 25. Nd6 Rbc7 26. Nxc8 Rxc8
27. Nd2 c4 28. Ne4 Nd5 29. Rc1 a6 30. Nd6 Rc6 31. Nxc4 b5 32. axb5 axb5 33. Ne5
Rc3 34. Rb1 b4 35. Re2 f6 36. Ng4 f5 37. Ne3 Nxe3 38. Rxe3 Kf6 39. Rxb4 Rxe3
40. fxe3 h5 41. h4 Ke5 42. Kf2 Kf6 43. Kf3 Ke5 44. Ra4 Kf6 45. Ra5 Ke7 46. Kf4
Kf6 47. Rb5 g5+ 48. hxg5+ Kg6 49. Rb6 1-0

[Event "ENCI Limburg-open C"]
[Site "Maastricht"]
[Date "2011.06.11"]
[Round "3"]
[White "Mollema, Henk"]
[Black "Geene, Patrick"]
[Result "1-0"]
[WhiteElo "1397"]
[BlackElo "1531"]
[PlyCount "37"]
[EventDate "2011.06.10"]
[EventType "swiss"]
[EventRounds "7"]
[EventCountry "NED"]
[Source "P.Boonen"]
[SourceDate "2012.01.01"]

1. e4 e5 2. Nf3 Nc6 3. Bc4 Bc5 4. b4 Bxb4 5. c3 Ba5 6. d4 exd4 7. O-O Nge7 8.
cxd4 O-O 9. d5 Nb8 10. d6 Ng6 11. Ba3 c6 12. Bb2 Bb6 13. Nc3 c5 14. Nd5 Nc6 15.
Ne3 Qe8 16. Nf5 Nce5 17. Nxe5 Nxe5 18. f4 Nxc4 19. Qg4 1-0

[Event "ENCI Limburg-open C"]
[Site "Maastricht"]
[Date "2011.06.11"]
[Round "3"]
[White "Mooren, Jo"]
[Black "Van Broekhoven, Stefan"]
[Result "1-0"]
[WhiteElo "1685"]
[BlackElo "1415"]
[PlyCount "49"]
[EventDate "2011.06.10"]
[EventType "swiss"]
[EventRounds "7"]
[EventCountry "NED"]
[Source "P.Boonen"]
[SourceDate "2012.01.01"]

1. b4 b5 2. Bb2 Bb7 3. e3 e6 4. Nf3 a6 5. Be2 Nc6 6. a3 Nf6 7. O-O Be7 8. c4
bxc4 9. Bxc4 d5 10. Bd3 O-O 11. Qc2 g6 12. Nc3 Nd7 13. Ne2 e5 14. e4 d4 15. Bc4
Bd6 16. Bd5 Ndb8 17. Rac1 Qe8 18. d3 Kh8 19. Qd2 f5 20. Qh6 Rf6 21. Ng5 Qd7 22.
f4 Bf8 23. Qh4 fxe4 24. fxe5 Rxf1+ 25. Rxf1 1-0

[Event "ENCI Limburg-open C"]
[Site "Maastricht"]
[Date "2011.06.11"]
[Round "3"]
[White "Overtoom, Reinier"]
[Black "Tangelder, Yonne"]
[Result "1/2-1/2"]
[WhiteElo "1668"]
[BlackElo "1595"]
[PlyCount "39"]
[EventDate "2011.06.10"]
[EventType "swiss"]
[EventRounds "7"]
[EventCountry "NED"]
[Source "P.Boonen"]
[SourceDate "2012.01.01"]

1. Nc3 e5 2. e4 Nf6 3. Bc4 Nc6 4. d3 Bb4 5. Nge2 d5 6. exd5 Nxd5 7. O-O Nxc3 8.
Nxc3 Bxc3 9. bxc3 O-O 10. Re1 Qd6 11. a4 Rd8 12. Qf3 Be6 13. Ba3 Qd7 14. Bb5
Bd5 15. Qg3 f6 16. c4 Bf7 17. Bb2 Qe6 18. Bxc6 Qxc6 19. Bc3 h6 20. Qe3 1/2-1/2

[Event "ENCI Limburg-open C"]
[Site "Maastricht"]
[Date "2011.06.11"]
[Round "3"]
[White "Oxener, Aldo"]
[Black "Vossen, Patrick"]
[Result "1-0"]
[WhiteElo "1465"]
[BlackElo "1310"]
[PlyCount "63"]
[EventDate "2011.06.10"]
[EventType "swiss"]
[EventRounds "7"]
[EventCountry "NED"]
[Source "P.Boonen"]
[SourceDate "2012.01.01"]

1. d4 d5 2. Nf3 c6 3. e3 Nf6 4. Bd3 Nbd7 5. O-O e6 6. b3 Bd6 7. Bb2 O-O 8. Ne5
Qc7 9. f4 h6 10. Rf3 c5 11. Nd2 Re8 12. Rh3 Bxe5 13. dxe5 Nh7 14. Qg4 f5 15.
Qg3 Kh8 16. Qg6 Re7 17. Nf3 Ndf8 18. Qg3 Bd7 19. Nh4 Be8 20. Rc1 Rd8 21. a4 Bh5
22. Nxf5 exf5 23. Rxh5 c4 24. Bxf5 c3 25. Ba3 Rf7 26. e6 Rxf5 27. Rxf5 Nxe6 28.
Re5 Nc5 29. Qg6 Nf6 30. Rd1 b6 31. Bb4 Na6 32. Re7 1-0

[Event "ENCI Limburg-open C"]
[Site "Maastricht"]
[Date "2011.06.11"]
[Round "3"]
[White "Parren, Ashley"]
[Black "Slangen Knuit, Dien"]
[Result "1-0"]
[WhiteElo "1190"]
[BlackElo "1111"]
[PlyCount "37"]
[EventDate "2011.06.10"]
[EventType "swiss"]
[EventRounds "7"]
[EventCountry "NED"]
[Source "P.Boonen"]
[SourceDate "2012.01.01"]

1. e4 e5 2. Nf3 d6 3. Nc3 Nf6 4. Bc4 h6 5. d3 Be7 6. O-O O-O 7. h3 Nbd7 8. Nh4
Nb6 9. Bb3 Bd7 10. Qf3 Rc8 11. Qg3 Nh5 12. Qg6 Bxh4 13. Qxh5 Bf6 14. Re1 c5 15.
Re3 Bg5 16. Rg3 g6 17. Qxg6+ Kh8 18. Bxf7 Bf6 19. Qxh6# 1-0

[Event "ENCI Limburg-open C"]
[Site "Maastricht"]
[Date "2011.06.11"]
[Round "3"]
[White "Quintana, Till"]
[Black "Nissel, Andreas"]
[Result "1/2-1/2"]
[WhiteElo "1695"]
[BlackElo "1668"]
[PlyCount "36"]
[EventDate "2011.06.10"]
[EventType "swiss"]
[EventRounds "7"]
[EventCountry "NED"]
[Source "P.Boonen"]
[SourceDate "2012.01.01"]

1. e4 e6 2. d4 d5 3. exd5 exd5 4. Bd3 Bd6 5. Ne2 Nf6 6. O-O O-O 7. Bf4 Bg4 8.
f3 Be6 9. c3 c6 10. Nd2 Qc7 11. Bxd6 Qxd6 12. Ng3 Qf4 13. Re1 Nbd7 14. Nb3 b6
15. Qc2 Rfe8 16. Bf5 g6 17. Bxe6 fxe6 18. Re2 Re7 1/2-1/2

[Event "ENCI Limburg-open C"]
[Site "Maastricht"]
[Date "2011.06.11"]
[Round "3"]
[White "Schleicher, Floris"]
[Black "Mohr, Markus"]
[Result "1-0"]
[WhiteElo "1596"]
[BlackElo "1597"]
[PlyCount "61"]
[EventDate "2011.06.10"]
[EventType "swiss"]
[EventRounds "7"]
[EventCountry "NED"]
[Source "P.Boonen"]
[SourceDate "2012.01.01"]

1. e4 d5 2. exd5 Qxd5 3. d4 Nf6 4. Nf3 Bg4 5. Be2 Nc6 6. O-O O-O-O 7. c4 Qf5 8.
Be3 e5 9. d5 Bxf3 10. Bxf3 e4 11. Be2 a6 12. Nc3 Nb8 13. f3 exf3 14. Bxf3 Qg6
15. c5 Nbd7 16. c6 bxc6 17. dxc6 Nc5 18. Qe2 Qd3 19. Qf2 Ne6 20. Be2 Qxe3 21.
Qxe3 Bc5 22. Bxa6+ Kb8 23. Qxc5 Nxc5 24. Bc4 Ne6 25. b4 Rd4 26. Bxe6 fxe6 27.
b5 Re8 28. a4 e5 29. a5 e4 30. b6 Rc4 31. Nb5 1-0

[Event "ENCI Limburg-open C"]
[Site "Maastricht"]
[Date "2011.06.11"]
[Round "3"]
[White "Schoffelen, Jan"]
[Black "De Lange, Marieke"]
[Result "1-0"]
[WhiteElo "1345"]
[BlackElo "1254"]
[PlyCount "83"]
[EventDate "2011.06.10"]
[EventType "swiss"]
[EventRounds "7"]
[EventCountry "NED"]
[Source "P.Boonen"]
[SourceDate "2012.01.01"]

1. e4 e5 2. Nf3 Nc6 3. Bb5 d6 4. h3 Bd7 5. Nc3 a6 6. Bxc6 Bxc6 7. d4 exd4 8.
Nxd4 Bd7 9. Qf3 c5 10. Nde2 Bc6 11. Qg3 Nf6 12. Bg5 Be7 13. f3 O-O 14. O-O-O
Nh5 15. Bxe7 Qxe7 16. Qxd6 Qg5+ 17. Kb1 Rad8 18. Qh2 b5 19. f4 Qe7 20. e5 b4
21. Rxd8 Rxd8 22. Nd1 Rd2 23. Re1 Qd7 24. Kc1 Be4 25. Ne3 Rxc2+ 26. Nxc2 Qd3
27. Ned4 cxd4 28. g4 Nxf4 29. Qd2 Qxd2+ 30. Kxd2 Bc6 31. Nxd4 Bd5 32. b3 Ne6
33. Nc2 a5 34. Ne3 Bc6 35. Nf5 Kf8 36. Rc1 g6 37. Rxc6 gxf5 38. gxf5 Nd8 39.
Rc7 Kg7 40. Rc5 h6 41. Rxa5 f6 42. e6 1-0

[Event "ENCI Limburg-open C"]
[Site "Maastricht"]
[Date "2011.06.11"]
[Round "3"]
[White "Snoeks, Pieter Jan"]
[Black "Feltman, Bart"]
[Result "1-0"]
[WhiteElo "1530"]
[BlackElo "1607"]
[PlyCount "63"]
[EventDate "2011.06.10"]
[EventType "swiss"]
[EventRounds "7"]
[EventCountry "NED"]
[Source "P.Boonen"]
[SourceDate "2012.01.01"]

1. d4 e6 2. Nf3 b6 3. e3 Bb7 4. Bd3 f5 5. O-O Nf6 6. b3 Bd6 7. Bb2 Bxf3 8. Qxf3
Nc6 9. Nd2 Ng4 10. g3 O-O 11. d5 Nce5 12. Qe2 exd5 13. h3 Nh6 14. Nf3 Qf6 15.
Rab1 c6 16. c4 Nxf3+ 17. Qxf3 Qg5 18. cxd5 f4 19. h4 Qe7 20. exf4 c5 21. Rfe1
Qf7 22. Be5 Bxe5 23. Rxe5 d6 24. Re6 Nf5 25. Rbe1 Nd4 26. Qe4 Qh5 27. Be2 Qf7
28. Re7 Rae8 29. Bd3 Nf3+ 30. Kh1 Qh5 31. Rxe8 Nxe1 32. Qe6+ 1-0

[Event "ENCI Limburg-open C"]
[Site "Maastricht"]
[Date "2011.06.11"]
[Round "3"]
[White "Tamminga, Melle"]
[Black "Boer, Jan"]
[Result "0-1"]
[WhiteElo "1605"]
[BlackElo "1729"]
[PlyCount "65"]
[EventDate "2011.06.10"]
[EventType "swiss"]
[EventRounds "7"]
[EventCountry "NED"]
[Source "P.Boonen"]
[SourceDate "2012.01.01"]

1. e4 c5 2. Nc3 Nc6 3. g3 Nf6 4. Bg2 d6 5. d3 g6 6. Bg5 Bg7 7. Qd2 h6 8. Be3
Ng4 9. Nf3 Qa5 10. O-O Nxe3 11. fxe3 O-O 12. a3 Rd8 13. Rab1 e6 14. Qf2 Bxc3
15. bxc3 Qxc3 16. Nd4 Rf8 17. Nb5 Qe5 18. d4 cxd4 19. exd4 Qg7 20. c3 Rd8 21.
a4 a6 22. Na3 Rb8 23. Nc4 b5 24. axb5 axb5 25. e5 d5 26. Nd6 Rf8 27. Qf6 b4 28.
cxb4 Rxb4 29. Rxb4 Nxb4 30. Qxg7+ Kxg7 31. Rb1 Nc6 32. Rb6 Nxd4 {.....} 33. Bf1
0-1

[Event "ENCI Limburg-open C"]
[Site "Maastricht"]
[Date "2011.06.11"]
[Round "3"]
[White "Thingstad, Tormod"]
[Black "Heinen, Dai"]
[Result "1-0"]
[WhiteElo "997"]
[BlackElo "1501"]
[PlyCount "121"]
[EventDate "2011.06.10"]
[EventType "swiss"]
[EventRounds "7"]
[EventCountry "NED"]
[Source "P.Boonen"]
[SourceDate "2012.01.01"]

1. c4 e5 2. Nc3 b6 3. Nf3 d6 4. d4 exd4 5. Qxd4 Bb7 6. Qe3+ Qe7 7. Nd5 Bxd5 8.
cxd5 Qxe3 9. Bxe3 Nf6 10. Rd1 Be7 11. Bg5 Nbd7 12. e3 O-O 13. Bb5 Rad8 14. O-O
h6 15. Bxf6 Bxf6 16. Nd4 Bxd4 17. Rxd4 Nb8 18. Rc1 a6 19. Be2 Rc8 20. Rdc4 Rfd8
21. Rxc7 Rxc7 22. Rxc7 b5 23. f3 g5 24. Bd3 Kg7 25. b4 Kf6 26. g4 Rd7 27. Rc8
Rb7 28. Kf2 Nd7 29. Rc6 Rb6 30. Kg3 Ke5 31. Be4 Rxc6 32. dxc6 Nb6 33. c7 d5 34.
Bf5 d4 35. exd4+ Kxd4 36. c8=Q Nxc8 37. Bxc8 Kc3 38. a3 Kb3 39. Bxa6 Kxa3 40.
Bxb5 Kxb4 41. Be8 f6 42. f4 Kc5 43. fxg5 fxg5 44. Kf3 Kd5 45. Ke3 Ke5 46. Bf7
Kf6 47. Bc4 Ke5 48. h3 Kf6 49. Ke4 Kg6 50. Ke5 h5 51. Bd3+ Kh6 52. Kf5 hxg4 53.
hxg4 Kg7 54. Kxg5 Kg8 55. Kh6 Kh8 56. g5 Kg8 57. Kg6 Kh8 58. Kf6 Kg8 59. g6 Kf8
60. Bc4 Ke8 61. g7 1-0

[Event "ENCI Limburg-open C"]
[Site "Maastricht"]
[Date "2011.06.11"]
[Round "3"]
[White "Uckerman, John"]
[Black "Daemen, Jules"]
[Result "1/2-1/2"]
[WhiteElo "1657"]
[BlackElo "1629"]
[PlyCount "110"]
[EventDate "2011.06.10"]
[EventType "swiss"]
[EventRounds "7"]
[EventCountry "NED"]
[Source "P.Boonen"]
[SourceDate "2012.01.01"]

1. e4 d5 2. exd5 Nf6 3. d4 Nxd5 4. g3 c6 5. Bg2 Bf5 6. c3 e6 7. Nf3 Be7 8. O-O
Nd7 9. Nbd2 O-O 10. Qe2 c5 11. Ne4 Qc7 12. dxc5 Nxc5 13. Nxc5 Qxc5 14. Nd4 Bg6
15. h4 Nf6 16. Bxb7 Rad8 17. Bf3 e5 18. Nb3 Qc7 19. Re1 Bd3 20. Qxe5 Bd6 21.
Qa5 Bxg3 22. Qxc7 Bxc7 23. Bg5 Rfe8 24. Bxf6 gxf6 25. Rxe8+ Rxe8 26. Rd1 Bf5
27. Bc6 Re2 28. Nd4 Re5 29. Nxf5 Rxf5 30. Rd5 Rf4 31. Rd4 Rf5 32. Kg2 Bb6 33.
Rd2 Kg7 34. b4 Rf4 35. Kg3 Rc4 36. b5 Rxc3+ 37. f3 Rc1 38. Rd7 Rg1+ 39. Kf4 Rh1
40. Kg3 Rg1+ 41. Kh2 Rb1 42. a4 Ra1 43. Bd5 Rxa4 44. Rxf7+ Kg6 45. h5+ Kg5 46.
Be4 h6 47. Kg3 Ra3 48. Rd7 f5 49. Rd5 Kxh5 50. Rxf5+ Kg6 51. Rd5+ Kf6 52. Rd6+
Kg5 53. Rd7 Kf6 54. Kg4 Ra1 55. Kf4 Rh1 1/2-1/2

[Event "ENCI Limburg-open C"]
[Site "Maastricht"]
[Date "2011.06.11"]
[Round "3"]
[White "Uiterwijk, Jos"]
[Black "Schrader, Bernd"]
[Result "0-1"]
[WhiteElo "1598"]
[BlackElo "1372"]
[PlyCount "120"]
[EventDate "2011.06.10"]
[EventType "swiss"]
[EventRounds "7"]
[EventCountry "NED"]
[Source "P.Boonen"]
[SourceDate "2012.01.01"]

1. e4 e5 2. Nf3 Nc6 3. d4 exd4 4. Nxd4 Ne5 5. Nc3 Bc5 6. Be3 d6 7. Be2 Ne7 8.
O-O O-O 9. Bg5 f6 10. Be3 a6 11. Kh1 Bxd4 12. Bxd4 Be6 13. f4 N5c6 14. Be3 f5
15. Bf3 fxe4 16. Nxe4 Nf5 17. Bf2 h6 18. g3 Qd7 19. c3 Rad8 20. Qd2 b6 21. Qc2
Nce7 22. g4 d5 23. Nd2 Nd6 24. f5 Ndxf5 25. gxf5 Bxf5 26. Qd1 Ng6 27. Bg3 c6
28. b4 Rde8 29. Bh5 Re3 30. Bxg6 Bxg6 31. Rxf8+ Kxf8 32. Qf1+ Kg8 33. Qg1 d4
34. Qf2 Qd5+ 35. Kg1 Rxc3 36. Nb3 d3 37. Qd4 Qxd4+ 38. Nxd4 c5 39. bxc5 bxc5
40. Nb3 c4 41. Nd2 Rc2 42. Bf4 Bh5 43. h4 Be2 44. Be3 c3 45. Ne4 d2 46. Nf2 Rb2
47. Bd4 Rc2 48. Be3 Kf7 49. Kh2 Ke6 50. Kg3 Kf5 51. a3 h5 52. a4 g6 53. a5 Ke5
54. Bf4+ Kd5 55. Nd1 Bxd1 56. Rxd1 Ke4 57. Bg5 Rb2 58. Bf4 Kd3 59. Be5 Kc2 60.
Rg1 d1=Q 0-1

[Event "ENCI Limburg-open C"]
[Site "Maastricht"]
[Date "2011.06.11"]
[Round "3"]
[White "Valembois, Pierre"]
[Black "Smet, Louis"]
[Result "0-1"]
[WhiteElo "1150"]
[BlackElo "900"]
[PlyCount "34"]
[EventDate "2011.06.10"]
[EventType "swiss"]
[EventRounds "7"]
[EventCountry "NED"]
[Source "P.Boonen"]
[SourceDate "2012.01.01"]

1. e4 c5 2. d4 Nf6 3. Nc3 cxd4 4. Qxd4 Nc6 5. Qd1 Qa5 6. Nf3 Nxe4 7. Bd2 Nxd2
8. Nxd2 g6 9. Nb5 Bg7 10. c3 O-O 11. Nc4 Qxb5 12. Qb3 Qxb3 13. axb3 d5 14. Ne3
d4 15. Nd5 dxc3 16. Nxc3 Be6 17. Bc4 Ne5 {.....} 0-1

[Event "ENCI Limburg-open C"]
[Site "Maastricht"]
[Date "2011.06.11"]
[Round "3"]
[White "Van Ginneken, Jeroen"]
[Black "Bratuszewski, Jorden"]
[Result "0-1"]
[WhiteElo "1682"]
[BlackElo "1198"]
[PlyCount "142"]
[EventDate "2011.06.10"]
[EventType "swiss"]
[EventRounds "7"]
[EventCountry "NED"]
[Source "P.Boonen"]
[SourceDate "2012.01.01"]

1. e4 e5 2. Nf3 Nf6 3. Nc3 Nc6 4. Bc4 h6 5. O-O Be7 6. d4 d6 7. Be3 O-O 8. h3
exd4 9. Nxd4 Bd7 10. Qe2 Nxd4 11. Bxd4 Bc6 12. Rfe1 Re8 13. Rad1 Bf8 14. Qf3 a6
15. Bxf6 Qxf6 16. Qxf6 gxf6 17. Bd5 Bg7 18. Bxc6 bxc6 19. f3 Rab8 20. Na4 Kh7
21. b3 Kg6 22. Kf2 Kg5 23. Kg3 Re7 24. Re3 Rbe8 25. h4+ Kg6 26. Rde1 h5 27. Kf2
Kh7 28. R3e2 Bh6 29. Nc3 Bf4 30. Nd1 d5 31. exd5 Bg3+ 32. Kxg3 Rxe2 33. Rxe2
Rxe2 34. dxc6 Rxc2 35. a4 Rxc6 36. Ne3 Kg6 37. Kf4 Rc3 38. Nd5 Rxb3 39. Nxc7 a5
40. Nd5 Ra3 41. Nb6 Ra2 42. g4 hxg4 43. Kxg4 Rb2 44. Nd5 Rd2 45. Nb6 f5+ 46.
Kf4 Rd4+ 47. Kg3 Kh5 48. Kh3 Rxh4+ 49. Kg3 f4+ 50. Kg2 Kg5 51. Nc4 Rh8 52. Nxa5
Ra8 53. Nc4 Rxa4 54. Nd6 Ra2+ 55. Kh3 f5 56. Nf7+ Kf6 57. Nd6 Rf2 58. Nc4 Rxf3+
59. Kg2 Rc3 60. Nb6 Kg5 61. Nd5 Rg3+ 62. Kf2 Kg4 63. Nf6+ Kh4 64. Nd5 f3 65.
Ne7 f4 66. Nf5+ Kh3 67. Nd4 Kg4 68. Ne6 Rg2+ 69. Kf1 Kg3 70. Ng5 Re2 71. Nf7
Rb2 0-1

[Event "ENCI Limburg-open C"]
[Site "Maastricht"]
[Date "2011.06.11"]
[Round "3"]
[White "Van Ginneken, Jos"]
[Black "Maessen, Roy"]
[Result "0-1"]
[WhiteElo "1565"]
[BlackElo "1648"]
[PlyCount "52"]
[EventDate "2011.06.10"]
[EventType "swiss"]
[EventRounds "7"]
[EventCountry "NED"]
[Source "P.Boonen"]
[SourceDate "2012.01.01"]

1. e4 d5 2. exd5 Nf6 3. c4 c6 4. d4 cxd5 5. h3 Nc6 6. Nf3 Qc7 7. Nc3 e6 8. cxd5
Nxd5 9. Nxd5 exd5 10. a3 g6 11. Be2 Bg7 12. O-O O-O 13. Be3 Bf5 14. Bd3 Bxd3
15. Qxd3 Rac8 16. b4 Ne7 17. Qd2 Nf5 18. Rfc1 Qb6 19. g4 Nxe3 20. fxe3 Qe6 21.
Re1 Rfe8 22. Rac1 Bh6 23. Rxc8 Rxc8 24. Kf2 Qe4 25. Rc1 Bxe3+ 26. Qxe3 Qxe3+
0-1

[Event "ENCI Limburg-open C"]
[Site "Maastricht"]
[Date "2011.06.11"]
[Round "3"]
[White "Van Meegen, Judith"]
[Black "Gidding, Mark"]
[Result "0-1"]
[WhiteElo "1484"]
[BlackElo "1470"]
[PlyCount "64"]
[EventDate "2011.06.10"]
[EventType "swiss"]
[EventRounds "7"]
[EventCountry "NED"]
[Source "P.Boonen"]
[SourceDate "2012.01.01"]

1. e4 e5 2. Nf3 Nc6 3. Nc3 Nf6 4. Bb5 Bb4 5. O-O d6 6. Nd5 Ba5 7. d3 O-O 8. Bg5
Kh8 9. Kh1 Be6 10. Nxf6 gxf6 11. Bh6 Rg8 12. Nh4 Ne7 13. Qh5 Ng6 14. Nf5 Bxf5
15. Qxf5 c6 16. Bc4 Qe7 17. c3 Rad8 18. d4 d5 19. exd5 cxd5 20. Bd3 e4 21. Rae1
Qe6 22. Qh5 f5 23. f3 Ne7 24. fxe4 dxe4 25. Bg5 f6 26. Bf4 Rg6 27. Bxe4 fxe4
28. Qxa5 Rd5 29. Qxa7 Qg4 30. Bg3 Rh5 31. Kg1 Rxh2 32. Bxh2 Qxg2# 0-1

[Event "ENCI Limburg-open C"]
[Site "Maastricht"]
[Date "2011.06.11"]
[Round "3"]
[White "Van Velthoven, Paul"]
[Black "Toniolatti, Alessio"]
[Result "1/2-1/2"]
[WhiteElo "1524"]
[BlackElo "1139"]
[PlyCount "101"]
[EventDate "2011.06.10"]
[EventType "swiss"]
[EventRounds "7"]
[EventCountry "NED"]
[Source "P.Boonen"]
[SourceDate "2012.01.01"]

1. e4 e5 2. Nf3 Nc6 3. Bc4 Nf6 4. d3 Bc5 5. Bb3 d6 6. c3 Bg4 7. Nbd2 O-O 8. h3
Bxf3 9. Nxf3 b5 10. Bg5 Rb8 11. Qe2 h6 12. Bd2 a5 13. a3 b4 14. axb4 axb4 15.
Ba4 Ra8 16. O-O bxc3 17. bxc3 Ne7 18. Nh4 c6 19. Bb3 d5 20. g4 Qb6 21. Rab1 Ra3
22. Bc2 Qc7 23. Nf5 Nxf5 24. gxf5 dxe4 25. dxe4 Ra2 26. Bb3 Nxe4 27. Qxe4 Rxd2
28. Bc2 Rxc2 29. Qxc2 e4 30. Qxe4 Qg3+ 31. Qg2 Qxc3 32. Rbc1 Qe5 33. Qxc6 Bd6
34. Qg2 Qxf5 35. Rcd1 Rd8 36. Rd5 Bh2+ 37. Kxh2 Rxd5 38. Qg4 Qxg4 39. hxg4 Rd2
40. Kg3 g5 41. Rc1 Kg7 42. Kf3 Rd3+ 43. Ke4 Rh3 44. Rc6 h5 45. Kf5 Rf3+ 46.
Kxg5 Rxf2 47. Kxh5 Rf6 48. Rxf6 Kxf6 49. g5+ Kg7 50. Kg4 Kg6 51. Kf4 1/2-1/2